000 00417cam a22001097a 4500
008 180718b1973 xxu||||| |||| 00| 0 eng d
082 _aQ86x54 In2 1971
245 _aStatistical information regarding the working of the maintenance of internal security act,1971
_cby Ministry of Home Affairs
260 _aNew Delhi
_bThe Manager Government India Press
_c1973
300 _a24p.
700 _aIndia.Ministry of Home Affairs
999 _c495797
_d495797